00744nam a2200193 a 450000100100000000500170001000800410002702000150006804000250008308200150010810000790012324500540020226000450025630000210030150000610032270000370038395201130042099900170053300004213920201002035950.0131114s2012 pr 000 0 spa d a1931702144 aDO-SdBNPbspacBNPHU axxxxbxxxx1 aTorres Santiago, José Manuel; prólogo, Marcelino Canino Salgado96913410aVinicio Vargas. /cJosé Manuel Torres Santiago. aSan Juan, Puerto Rico, :bIguana,c2012. a368 p. ;c22 cm. aEn celebración de los 50 años de Guajana (1962-2012)1 aCanino Salgado, Marcelino969135 001050718MOaGRbGRcCTd2013-11-14iLF1l0oxxxx xxxxp42139-10r2020-06-25w2020-06-25y1ZNo se presta c41628d41628